00660nam a2200133Ia 4500001001100000008004100011100003200052245019000084260003100274300002300305502010500328700004000433710005300473Para_10389220602s9999 xx 000 0 und d aSánchez Aguilar, Ana Bell aEstimación del daño de Septoria tritici a variedades de trigo (Triticum aestivum) / Ana Bell Sánchez Aguila y Víctor Antonio Carrillo Cortés; Director Santos Gerardo Leyva Mir aChapingo, Méx.: el autor a1 CDS ROM (s/n p.) aTesis (Ing. Agr. Esp. en Parasitología Agrícola). UACh. Departamento Parasitología Agrícola aLeyva Mir, Santos Gerardo. Director aUACh Departamento Parasitología AgrícolaÌ